| 000 | 00793 a2200229 4500 | ||
|---|---|---|---|
| 020 | _a0071141065 | ||
| 020 | _a9780071141062 | ||
| 082 | 0 | 4 | _a658 |
| 090 |
_c2323 _d2323 |
||
| 100 | 1 | _aCallon, Jack D. | |
| 245 | 1 | 0 |
_aCompetitive advantage through information technology / _cJack D. Callon. |
| 250 | _aInternational Ed ed. | ||
| 260 |
_a[S.l.] : _bMcGraw-Hill Education (ISE Editions), _c1996. |
||
| 300 | _a496 p. | ||
| 490 | 1 | _aBusiness technology : careers 2000. | |
| 500 | _aImport. | ||
| 500 | _aPaperback. | ||
| 830 | 0 | _aBusiness technology : careers 2000. | |
| 856 | 4 | 0 |
_3Amazon.com _uhttp://www.amazon.com/exec/obidos/ASIN/0071141065/chopaconline-20 |
| 856 | 4 | 0 |
_3Amazon customer reviews _uhttp://www.chopac.org/cgi-bin/tools/azrev.pl?q=0071141065 |
| 942 |
_aNBS _cBK _k004 CAL |
||
| 999 |
_c344824 _d344824 |
||